[Event "San Sebastian op 43rd"]
[Site "San Sebastian"]
[Date "2023.04.02"]
[Round "2"]
[White "Stremavicius, Titas"]
[Black "Tafall Villanueva, Ander"]
[Result "1-0"]
[WhiteElo "2532"]
[BlackElo "2026"]
[PlyCount "53"]
[EventDate "2023.04.01"]
[EventType "swiss"]
[EventRounds "9"]
[EventCountry "ESP"]
[SourceTitle "CBM 213 Extra"]
[Source "ChessBase"]
[SourceDate "2023.05.31"]
[SourceVersion "1"]
[SourceVersionDate "2023.05.31"]
[SourceQuality "1"]

1. c4 e5 2. Nc3 Nf6 3. e3 Nc6 4. Qb3 Bc5 5. Nf3 0-0 6. d3 Re8 7. Bd2 Bb4 8. Be2 Bxc3 9. Bxc3 d5 10. cxd5 Qxd5 11. Qc2 Bg4 12. h3 Bh5 13. e4 Qc5 14. g4 Bg6 15. Rc1 Rad8 16. a3 Qb6 17. b4 Re7 18. Bd2 Nd4 19. Nxd4 exd4 20. 0-0 Qd6 21. Bg5 Bxe4 22. dxe4 d3 23. Bxd3 Nxg4 24. hxg4 Qg6 25. Qc5 Rxd3 26. Qxe7 h6 27. Rxc7 1-0

[Event "Salamanca Unamuno Cup"]
[Site "Salamanca"]
[Date "2021.12.05"]
[Round "5"]
[White "Tafall Villanueva, Ander"]
[Black "Odriozola Coscolin, Alex"]
[Result "1-0"]
[WhiteElo "2004"]
[BlackElo "1903"]
[PlyCount "73"]
[EventDate "2021.12.03"]
[EventType "swiss"]
[EventRounds "9"]
[EventCountry "ESP"]
[SourceTitle "EXT 2023"]
[Source "ChessBase"]
[SourceDate "2022.10.05"]
[SourceVersion "1"]
[SourceVersionDate "2022.10.05"]
[SourceQuality "1"]

1. c4 Nf6 2. Nc3 g6 3. g3 Bg7 4. Bg2 0-0 5. d3 d6 6. e4 c5 7. f4 Nc6 8. Nf3 Ne8 9. 0-0 Nc7 10. h3 Ne6 11. f5 Ned4 12. g4 e6 13. Kh1 Nxf3 14. Qxf3 Nd4 15. Qg3 Be5 16. Bf4 Bxf4 17. Rxf4 e5 18. Rf2 f6 19. fxg6 hxg6 20. Raf1 Be6 21. h4 Kg7 22. Bh3 g5 23. hxg5 Rh8 24. gxf6+ Kf7 25. Rh2 Qg8 26. g5 Bxh3 27. Rxh3 Qg6 28. Rf2 Ne6 29. Rfh2 Rhg8 30. Rh7+ Kf8 31. Rh8 Re8 32. Nd5 Rxh8 33. Rxh8+ Kf7 34. Rh6 Qxg5 35. Rh7+ Kf8 36. Qxg5 Nxg5 37. Rxb7 1-0

[Event "Gipuzkoa-ch A"]
[Site "Azpeitia"]
[Date "2019.11.23"]
[Round "6"]
[White "Tafall Villanueva, Ander"]
[Black "Arri Martinez, Iker"]
[Result "1-0"]
[WhiteElo "1882"]
[BlackElo "1651"]
[PlyCount "61"]
[EventDate "2019.10.19"]
[EventType "swiss"]
[EventRounds "7"]
[EventCountry "ESP"]
[SourceTitle "EXT 2024"]
[Source "ChessBase"]
[SourceDate "2023.10.10"]
[SourceVersion "1"]
[SourceVersionDate "2023.10.10"]
[SourceQuality "1"]

1. c4 g6 2. g3 Bg7 3. Bg2 d6 4. Nc3 c5 5. e4 Nc6 6. Nge2 Nf6 7. 0-0 0-0 8. d3 e5 9. f4 Bg4 10. f5 Nd4 11. h3 Bxe2 12. Nxe2 Nxe2+ 13. Qxe2 a6 14. g4 b5 15. Be3 Rb8 16. g5 Nh5 17. f6 Ng3 18. Qf2 Nxf1 19. fxg7 Kxg7 20. Rxf1 f5 21. gxf6+ Kf7 22. Qh4 h5 23. b3 Qa5 24. Qf2 Qc3 25. Qe2 bxc4 26. dxc4 Ke6 27. Qf3 a5 28. h4 a4 29. Qh3+ Kf7 30. Qd7+ Kg8 31. Qg7# 1-0

[Event "Gipuzkoa-ch A"]
[Site "Azpeitia"]
[Date "2019.10.19"]
[Round "1"]
[White "Franco Alonso, Alejandro"]
[Black "Tafall Villanueva, Ander"]
[Result "1-0"]
[WhiteElo "2384"]
[BlackElo "1882"]
[PlyCount "73"]
[EventDate "2019.10.19"]
[EventType "swiss"]
[EventRounds "7"]
[EventCountry "ESP"]
[SourceTitle "EXT 2024"]
[Source "ChessBase"]
[SourceDate "2023.10.10"]
[SourceVersion "1"]
[SourceVersionDate "2023.10.10"]
[SourceQuality "1"]

1. Nf3 Nf6 2. c4 e6 3. g3 d5 4. Bg2 c6 5. d4 Bb4+ 6. Bd2 Be7 7. Qc2 0-0 8. 0-0 Nbd7 9. Rd1 Ne4 10. Be1 f5 11. Nfd2 Bg5 12. e3 Ndf6 13. Nf3 Bh6 14. Ne5 Nd7 15. Nd3 g5 16. f3 Nd6 17. Bb4 Nf6 18. Nd2 Re8 19. Ne5 Nf7 20. Kh1 Bf8 21. Bxf8 Rxf8 22. b4 f4 23. Qc3 Qc7 24. Re1 Nxe5 25. dxe5 Nd7 26. exf4 gxf4 27. cxd5 exd5 28. e6 Nb6 29. e7 Re8 30. Qf6 Nd7 31. Qg5+ Kh8 32. Rad1 Qd6 33. Nc4 Qxb4 34. Ne5 Nxe5 35. Qf6+ Kg8 36. Rxe5 Bf5 37. Rxf5 1-0

[Event "Euskadi-ch U18"]
[Site "Eibar"]
[Date "2019.04.26"]
[Round "5"]
[White "Tafall Villanueva, Ander"]
[Black "Martin Ibisate, Xabier"]
[Result "0-1"]
[WhiteElo "1954"]
[BlackElo "1833"]
[PlyCount "96"]
[EventDate "2019.04.23"]
[EventType "swiss"]
[EventRounds "7"]
[EventCountry "ESP"]
[SourceTitle "EXT 2020"]
[Source "ChessBase"]
[SourceDate "2019.10.17"]
[SourceVersion "1"]
[SourceVersionDate "2019.10.17"]
[SourceQuality "1"]

1. e4 c5 2. Nf3 e6 3. d4 cxd4 4. Nxd4 Nf6 5. Bd3 d5 6. e5 Nfd7 7. Qe2 Nc6 8. Nxc6 bxc6 9. 0-0 Nc5 10. Nc3 Nxd3 11. cxd3 c5 12. Bf4 Ba6 13. Qc2 Qd7 14. Rfd1 Be7 15. Rac1 0-0 16. b3 Rfc8 17. Na4 Bb5 18. Nc3 a5 19. Nxb5 Qxb5 20. d4 c4 21. Qe2 Qa6 22. h3 a4 23. bxc4 Rxc4 24. Rb1 Rxd4 25. Qxa6 Rxd1+ 26. Qf1 Rxf1+ 27. Kxf1 Rc8 28. Rb7 Bf8 29. Be3 h6 30. Rb2 a3 31. Rb1 Kh7 32. Rc1 Rxc1+ 33. Bxc1 Kg6 34. g4 h5 35. Ke2 hxg4 36. hxg4 f6 37. f4 f5 38. g5 Kh5 39. Kf3 Kh4 40. Be3 Bb4 41. Bd4 g6 42. Bf2+ Kh3 43. Bd4 Bd2 44. Bc5 Bc1 45. Bb4 d4 46. Bc5 d3 47. Bb4 d2 48. Ke2 Kg3 0-1

[Event "Salou op U2300 3rd"]
[Site "Salou"]
[Date "2018.04.29"]
[Round "4"]
[White "Girona Masdeu, Jordi"]
[Black "Tafall Villanueva, Ander"]
[Result "0-1"]
[WhiteElo "1722"]
[BlackElo "1857"]
[PlyCount "76"]
[EventDate "2018.04.28"]
[EventType "swiss"]
[EventRounds "7"]
[EventCountry "ESP"]
[SourceTitle "CBM 184 Extra"]
[Source "ChessBase"]
[SourceDate "2018.06.28"]
[SourceVersion "1"]
[SourceVersionDate "2018.06.28"]
[SourceQuality "1"]

1. e4 e5 2. Nf3 Nc6 3. d4 exd4 4. Bc4 Nf6 5. e5 d5 6. Bb5 Ne4 7. Nxd4 Bd7 8. Bxc6 bxc6 9. 0-0 Be7 10. f3 Nc5 11. Be3 h5 12. Nd2 Ne6 13. Nxe6 Bxe6 14. Nb3 g5 15. Bc5 Bxc5+ 16. Nxc5 Qe7 17. Qd4 Rg8 18. b4 g4 19. f4 Bf5 20. Rae1 g3 21. h3 Qh4 22. Qd2 Bxh3 23. gxh3 Qxh3 24. Qg2 Qf5 25. e6 f6 26. Nd7 h4 27. Nxf6+ Qxf6 28. f5 Qd4+ 29. Kh1 h3 30. Qxh3 Rh8 31. Qxh8+ Qxh8+ 32. Kg2 Qh2+ 33. Kf3 Ke7 34. Rh1 Qf2+ 35. Kg4 Rg8+ 36. Kh5 Qf3+ 37. Kh6 Rh8+ 38. Kg7 Rxh1 0-1

[Event "ESP-ch U14"]
[Site "Granada"]
[Date "2016.07.16"]
[Round "9"]
[White "Tafall Villanueva, Ander"]
[Black "Ortin Blanco, Inigo"]
[Result "0-1"]
[WhiteElo "1584"]
[BlackElo "2022"]
[PlyCount "96"]
[EventDate "2016.07.11"]
[EventType "swiss"]
[EventRounds "9"]
[EventCountry "ESP"]
[SourceTitle "EXT 2024"]
[Source "ChessBase"]
[SourceDate "2023.10.10"]
[SourceVersion "1"]
[SourceVersionDate "2023.10.10"]
[SourceQuality "1"]

1. e4 e5 2. Nf3 Nc6 3. Bc4 Bc5 4. c3 Nf6 5. d3 0-0 6. 0-0 d6 7. Bb3 a6 8. h3 h6 9. Be3 Ba7 10. Nbd2 Re8 11. Re1 Be6 12. Bc2 Ne7 13. Nf1 Ng6 14. d4 Bd7 15. dxe5 dxe5 16. Bxa7 Rxa7 17. Qd2 Ra8 18. Rad1 Be6 19. Qxd8 Raxd8 20. a3 a5 21. Ng3 Nd7 22. Nf5 Nb6 23. Ne3 f6 24. Rxd8 Rxd8 25. Rd1 Rxd1+ 26. Bxd1 a4 27. Ne1 Nf4 28. Bc2 c6 29. Nd3 Nxd3 30. Bxd3 Kf7 31. f3 Nd7 32. Bc4 Nc5 33. Bxe6+ Kxe6 34. Kf1 Nd3 35. Nd1 Kd6 36. Ke2 Nf4+ 37. Kf2 Kc5 38. g3 Nxh3+ 39. Kg2 Ng5 40. Kf2 Kc4 41. Ke3 Kb3 42. f4 exf4+ 43. gxf4 Ne6 44. f5 Nc5 45. Kd4 Nd7 46. Kd3 Ne5+ 47. Kd2 h5 48. Kc1 Nd3+ 0-1